ระบบห้องสมุดอัตโนมัติ ULibM
วิทยาลัยพยาบาลบรมราชชนนี พระพุทธบาท
เปลี่ยนเป็นภาษาไทย

Change to English
 แสดงรายละเอียดบรรณานุกรม
  กลับหน้าหลัก

Brief Record : Get Marc (ISO 2709) : E-mail record : QR code ปิดหน้าต่าง
E-books : เกี่ยวกับ Collections
LEADER 00000nam 2200000uu 4500
001    13399121484
003     ULIBM
008    111055s2554 th a 000 0 tha d
100    สถาบันพระบรมราชชนก
245    เอกสารสืบเนื่องจากการสัมมนาวิชาการ : การแลกเปลี่ยนความรู้ทั้งภายใจและภายนอกองค์กรเพื่อเสริมสร้างนวัตกรรมด้านการพัฒนาการประกันคุณภาพการศึกษาโดยพัฒนาการปฏิบัติงานที่ดี
250    พิมพ์ครั้งที่ 1
260    นนทบุรี :^bสถาบันพระบรมราชชนก,^c2554
300    553 หน้า
945    ^p0^l0^i010070
945    ^p0^l0^i010071
999    ^aน.ส.สุพรรษา เริงรื่น
รายการนี้ยังไม่มีแท็ก
คุณยังไม่ได้ล็อกอิน คุณสามารถมีกิจกรรมร่วมกับเว็บไซต์ได้ แต่ต้องล็อกอินก่อน ::
  ล็อกอิน
ลำดับที่ ประเภท เลขเรียก สถานที่ สถานะ
1.
WA18 ส181อ 2554  
  
วิทยาลัยพยาบาลบรมราชชนนี พระพุทธบาท
►หนังสือทั่วไป
On Shelf
2.
WA18 ส181อ 2554 ฉ.2 
  
วิทยาลัยพยาบาลบรมราชชนนี พระพุทธบาท
►หนังสือทั่วไป
On Shelf
   [แสดง 2/2 รายการ]

รายการใกล้เคียง
    ผู้แต่ง [สถาบันพระบรมราชชนก]

Bib 13399121484